| 000 | 00606nam a2200193 u 4500 | ||
|---|---|---|---|
| 005 | 20240314063635.0 | ||
| 008 | 080514s2001 r 000 0 eng d | ||
| 020 | _a8426132154 | ||
| 035 | _aUPN01000155910 | ||
| 049 | _aI | ||
| 050 | 4 |
_aPZ8.9 _bG8.2 |
|
| 100 | 1 |
_aGutman, Anne _932701 |
|
| 245 | 1 | 4 |
_aLos celos de Gaspar / _cAnne Gutman, Georg Hallensleben ; tr. Elodie Bourgeois. |
| 260 |
_aBarcelona, Esp. : _bJuventud, _c2001. |
||
| 300 |
_a[28] p. : _bprincipalmente il. col. |
||
| 650 | 4 |
_aCuentos infantiles estadounidenses _910762 |
|
| 700 | 1 |
_aHallensleben, Georg, _ecoaut. |
|
| 905 | _aInfantil | ||
| 999 |
_c128024 _d128024 |
||